00533nam a22001097a 4500040000800000082002700008100001900035245023400054260002600288300002200314856008700336 cRUA aAGR SET 2000 B022 Or.1 aSETH, SOPHEAP. aការវាយតំលៃលើដំណាំចំការក្នុងលក្ខខ័ណ្ឌដីទំនាបរំពឹងទឹកភ្លៀង (evaluation of upland crops under rainfed lowland condition) aPhnom PenhbRUAc2000 a56p.bill.c29cm. uhttps://drive.google.com/file/d/15X1oLCw1nUY1Pya0RwU-xGdi7OpQ3ceA/view?usp=sharing